Name a Valid NBA Player for Each Jersey Number - Statistics

General Stats
  • This quiz has been taken 457 times
    101 since last reset
  • The average score is 15 of 56
Answer Stats
Jersey Number Players % Correct
0 Bradley Beal | Anthony Black | Christian Braun | Miles Bridges | ...
90%
1 LaMelo Ball | Devin Booker | Gradey Dick | Andre Drummond | ...
85%
2 Kyle Anderson | Lonzo Ball | Cade Cunningham | Dorian Finney-Smith | ...
76%
3 Desmond Bane | Dillon Brooks | Thomas Bryant | Kentavious Caldwell-Pope | ...
68%
23 Trey Alexander | Brooks Barnhizer | Donovan Clingan | Cedric Coward | ...
68%
5 Deandre Ayton | Paolo Banchero | Jevon Carter | Stephon Castle | ...
60%
7 Santi Aldama | Nickeil Alexander-Walker | Jaylen Brown | Bub Carrington | ...
59%
11 Bruce Brown | Jalen Brunson | Carter Bryant | Ayo Dosunmu | ...
56%
77 Jamison Battle | Luka Dončić | VJ Edgecombe | Ben Saraf | Amari Williams
56%
15 Jose Alvarado | Branden Carlson | Brandon Clarke | Nikola Jokić | ...
56%
00 Max Christie | Jordan Clarkson | Sharife Cooper | Scoot Henderson | ...
55%
30 Ochai Agbaji | Adem Bona | Clint Capela | Julian Champagnie | ...
51%
4 Scottie Barnes | Pacôme Dadiet | Hunter Dickinson | Rob Dillingham | ...
46%
8 Grayson Allen | OG Anunoby | Deni Avdija | Malaki Branham | ...
44%
9 RJ Barrett | Alex Caruso | Justin Champagnie | Trentyn Flowers | ...
40%
34 Giannis Antetokounmpo | Wendell Carter Jr. | Bobi Klintman | Oscar Tshiebwe | ...
38%
10 Bogdan Bogdanović | Jimmy Butler | Mike Conley | RayJ Dennis | ...
36%
12 Steven Adams | Cam Christie | Zach Collins | Johnny Furphy | ...
36%
32 Cooper Flagg | Aaron Gordon | Jeff Green | Jay Huff | ...
32%
21 Noah Clowney | Pat Connaughton | Joel Embiid | Daniel Gafford | ...
29%
27 Rudy Gobert | Vít Krejčí | Riley Minix | Jamal Murray | Will Riley | Jordan Walsh
28%
45 GG Jackson | Davion Mitchell | Donovan Mitchell
26%
6 Jaylin Williams
24%
31 Jarrett Allen | Jock Landale | Georges Niang | Tidjane Salaün | Klay Thompson
23%
22 Devin Carter | Jaylen Clark | Kyle Filipowski | Isaiah Jackson | ...
21%
14 Matas Buzelis | Colin Castleton | Moussa Diabaté | Zach Edey | ...
19%
28 Hugo González | Rui Hachimura | Alperen Şengün | Brice Sensabaugh | Isaiah Stewart | Guerschon Yabusele
18%
24 Kobe Brown | Isaiah Crawford | Noah Essengue | Bruno Fernando | ...
18%
13 Bam Adebayo | Tony Bradley | Walter Clayton Jr. | Ousmane Dieng | ...
17%
88 Neemias Queta | Nolan Traore
17%
55 Isaiah Hartenstein | Ariel Hukporti | Harrison Ingram | Kevon Looney | ...
15%
20 John Collins | JD Davison | Tosan Evbuomwan | Rasheer Fleming | ...
15%
18 Bismack Biyombo | Kyshawn George | Mouhamed Gueye | Keyontae Johnson | ...
14%
17 Amir Coffey | Tari Eason | Alex Fudge | Karlo Matković | ...
12%
25 Dominick Barlow | Chris Boucher | Mikal Bridges | Enrique Freeman | ...
12%
36 Marcus Smart
10%
16 Anthony Gill | PJ Hall | Yang Hansen | Elijah Harkless | Caleb Martin
9%
43 Thanasis Antetokounmpo | Pascal Siakam | Lindy Waters III
9%
19 Ace Bailey | Joan Beringer | Drew Eubanks | Jakob Poeltl | Mark Sears
8%
44 Andre Jackson Jr. | Jackson Rowe | Landry Shamet | Nikola Topić | Patrick Williams | Rocco Zikarsky
8%
61 Pat Spencer
8%
50 Cole Anthony | Vladislav Goldin | Trey Jemison III
6%
40 Harrison Barnes | Ivica Zubac
6%
42 Kevin Love | Maxime Raynaud
5%
35 Marvin Bagley III | Goga Bitadze | Pete Nance | Isaac Okoro | Tolu Smith | Robert Williams III
5%
33 Nicolas Batum | Toumani Camara | Nic Claxton | Johnny Juzang | ...
5%
46 John Konchar
4%
29 Quenton Jackson | Daeqwon Plowden | Max Shulga
3%
54 Sandro Mamukelashvili
3%
26 Duop Reath | Ben Sheppard | Xavier Tillman
1%
52 Luka Garza
1%
93 Noah Penda
1%
41 Saddiq Bey
1%
47 Lachlan Olbrich
0%
51 Mohamed Diawara
0%
91 Sidy Cissoko
0%
No matching quizzes found
Score Distribution
Percent of People with Each Score
Percentile by Number Answered
Your Score History
You have not taken this quiz since the last reset